Statistiques concernant Tous les badges de Pokémon (1G-6G)

Cliquez ici pour prendre le quiz!

Statistiques générales

  • Ce quiz a été pris 59 fois
  • Le résultat moyen est 28 sur 50

Statistiques - réponses

Indice (Champion)Badge% Correct
PierreRoche
98%
RoxanneRoche
98%
BastienPoing
85%
GiovanniTerre
78%
Major BobFoudre
76%
MorganeMarais
76%
AugusteVolcan
76%
OndineCascade
74%
ErikaPrisme
74%
KogaAme
67%
KiméraFantôme
67%
CharlesMine
67%
Armand,Rachid,NoaTriple
67%
AlizéePlume
63%
Aloé/TcherenBasique
61%
Juan/MarcPluie
61%
NormanBalancier
59%
InéziaVolt
59%
PierrickCharbon
57%
VoltèreDynamo
57%
Lévy et TatiaEsprit
57%
FloForêt
57%
LinoMur
57%
VioletteColéoptère
54%
AdrianeChaleur
52%
HectorEssaim
52%
GladysGlaçon
52%
AlbertZéphyr
52%
SandraLever
50%
MélinaPavé
50%
FredoGlacier
48%
UrupIceberg
48%
CarolinaJet
48%
ValérianeNymphe
48%
ZhuStalactite
48%
TanguyPhare
46%
ChuckChoc
43%
BardaneSismique
43%
StryknaToxique
43%
Lovis le TeigneuxPalustre
41%
BlanchePlaine
41%
JasmineMinéral
39%
AmanaVague
39%
ArtieElytre
37%
MortimerBrume
35%
AmaroVégétal
35%
CornéliaLutte
33%
Iris/WatsonMythe
33%
AstéraPsychisme
30%
LemTension
30%

Distribution des résultats

Percentile par nombre de réponses

% des personnes avec chaque résultat

Votre développement - résultats

Vous n’avez pas pris ce quiz